000 03415cam a22003734a 4500
001 16708734
003 ARRUPE
005 20150521141616.0
008 110325s2011 nyu b 001 0 eng
010 _a 2011011457
016 7 _a015837119
_2Uk
020 _a9781107006225 (hardback)
020 _a1107006228 (hardback)
020 _a9780521185066 (paperback)
020 _a0521185068 (paperback)
035 _a(OCoLC)ocn710045047
040 _aDLC
_cDLC
_dYDX
_dYDXCP
_dUKMGB
_dBWX
_dVVC
_dDLC
042 _apcc
050 0 0 _aJA83
_b.P5628 2011
082 0 0 _a320.01
_222
084 _aPHI019000
_2bisacsh
245 0 0 _aPolitical philosophy in the twentieth century :
_bauthors and arguments /
_cedited by Catherine H. Zuckert.
260 _aNew York :
_bCambridge University Press,
_c2011.
300 _aix, 280 p. ;
_c23 cm.
504 _aIncludes bibliographical references and index.
505 0 _aJohn Dewey : philosophy as theory of education / David Fott -- Carl Schmitt : political theology and the concept of the political / Tracy B. Strong -- Antonio Gramsci : liberation begins with critical thinking / Joseph Buttigieg -- Philosophy as a way of life : the case of Leo Strauss / Steven B. Smith -- The philosopher's vocation : the Voegelinian paradigm / Ellis Sandoz -- Yves R. Simon : a philosopher's quest for science and prudence / Walter Nicgorski -- Hannah Arendt : from philosophy to politics / Dana R. Villa -- Friedrich Hayek on the nature of social order and law / Eric Mack -- Michael Oakeshott : the philosophical skeptic in an impatient age / Timothy Fuller -- Moral pluralism and liberal democracy : Isaiah Berlin's heterodox liberalism / William Galston -- H.L.A. Hart : a twentieth-century Oxford political philosopher / John M. Finnis -- John Rawls and the task of political philosophy / Paul Weithman -- Richard Rorty : liberalism, irony, and social hope / Michael Bacon -- Jean-Paul Sartre : "in the soup" / William Leon McBride -- Michel Foucault : an ethical politics of care of self and others / Alan Milchman and Alan Rosenberg -- Jürgen Habermas : postwar German political debates and the making of a critical theorist / William E. Scheuerman -- Alasdair MacIntyre on political thinking and the tasks of politics / Arthur Madigan, S.J. -- Another philosopher-citizen : the political philosophy of Charles Taylor / Ruth Abbey.
520 _a"We demonstrate the rich diversity and depth of political philosophy in twentieth century essays on the lives and works of eighteen eminent political theorists, including representative of the three main political alternatives--in the first half of the twentieth century, emigres like Hannah Atendt and Leo Strauss who brought a continental perspective to the U.S. after World War II, more recent defenders of libralism, and its many critics. There is no other book on the market like this, aimed at professors and students of political theory"--
650 0 _aPolitical science
_xPhilosophy
_xHistory
_y20th century.
_917267
650 0 _aPolitical scientists
_xHistory
_y20th century.
_917268
700 1 _aZuckert, Catherine H.,
_d1942-
_917269
_eed.
906 _a7
_bcbc
_corignew
_d1
_eecip
_f20
_gy-gencatlg
942 _2lcc
_cMONOGRAPH
999 _c122694
_d122694